Rap by letter (W) - Statistics

General Stats
  • This quiz has been taken 3 times
  • The average score is 3 of 10
Answer Stats
Hint Answer % Correct
East coast rap group, released debut album in 1993. Wu-Tang Clan
100%
West coast rap group formed by Ice Cube, Mack 10 and WC. Westside Connection
67%
West coast rapper, whose biggest hit is "Regulate" with Nate Dogg. Warren G
33%
Snoop Dogg's first single, released in 1993. It was part of his debut album "Doggystyle". Who Am I (What's My Name)?
33%
Eminem's big hit from "The Eminem Show". Without Me
33%
The Game's song from "The Documentary", featuring 50 Cent. Westside Story
0%
Dr. Dre's song from "2001", featuring Xzibit and Eminem. What's The Difference
0%
DMX's song featuring Sisqo, released in 1999. What These Bitches Want
0%
Jay Z and The Game both have song with this name. Jay Z's song is from "In My Lifetime, Vol.1" and The Game's song is from "The Documentary". Where I'm From
0%
Ghostface Killah's song from "Supreme Clientele", featuring GZA, Cappadonna, Masta Killa and Raekwon. Wu Banga 101
0%
No matching quizzes found
Score Distribution
Percent of People with Each Score
Percentile by Number Answered
Your Score History
You have not taken this quiz